000 00323nam a22001337a 4500
008 170525b xxu||||| |||| 00| 0 eng d
020 _a0948507977
041 _aeng
080 _a007.52
100 _a26
101 _aIM
245 _aINTERNATIONAL SYMPOSIUM ON INDUSTRIAL ROBOTS
_cBURCKHARDT.C.W
942 _2udc
_cBK
999 _c14281
_d14281